000 00460nam a2200181Ia 4500
005 20250326141722.0
008 250326s9999 xx 000 0 und d
037 _aTextbook
040 _aFMSL
_beng
_cFMSL
041 _aeng
_2eng
084 _qFMSL
100 _aFisher R
_9341508
245 0 _aGetting to Yes
_cFisher R; Ury W
260 _aLondon
_bLondon, Hutch inson Business
_c1981
300 _a174p
942 _cTB
999 _c1291646
_d1291646